Polacy w MLS w XXI wieku - Statystyki

Ogólne statystyki
  • Ten quiz został rozwiązany 75 razy
  • Średni wynik to 10 z 19
Statystyki odpowiedzi
Kluby Mecze|Gole|Asysty w MLS Zawodnik % Poprawnych
2022- Charlotte M-61 G-22 A-9 Karol Świderski
99%
2020-2022 New England Revolution M-73 G-35 A-7 Adam Buksa
80%
2022-2024 Charlotte M-55 G-4 A-12 Kamil Jóźwiak
80%
2023- LAFC M-63 G-13 A-12 Mateusz Bogusz
79%
2023- D.C. United M-55 G-6 A-10 Mateusz Klich
77%
2019-2021 Chicago Fire M-60 G-10 A-10 Przemysław Frankowski
76%
2008-2009 Chicago Fire M-17 G-2 A-0 Tomasz Frankowski
76%
2024- Atlanta United M-13 G-1 A-0 Bartosz Slisz
75%
2020-2024 Portland Timbers M-77 G-19 A-5 Jarosław Niezgoda
73%
2018-2022 Philadelphia Union2022-2024 Chicago Fire M-130 G-43 A-16 Kacper Przybyłko
49%
2021-2023 New York Red Bulls M-63 G-14 A-11 Patryk Klimala
45%
2019-2022 FC Cincinnati M-39 G-0 A-0 Przemyslaw Tytoń
45%
2021-2024 Charlotte M-22 G-0 A-0 Jan Sobocinski
42%
2023- Houston Dynamo M-26 G-3 A-1 Sebastian Kowalczyk
34%
2015-2016 Toronto FC M-37 G-2 A-2 Damien Perquis
11%
2011-2012 Kansas City2013 Columbus Crew M-14 G-0 A-0 Konrad Warzycha
10%
2010 Chicago Fire2014-2015 CF Montréal M-31 G-0 A-1 Krzysztof Król
6%
2003-2004 New York Red Bulls(Wtedy: MetroStars) M-5 G-1 A-0 Andrzej Juskowiak
1%
2000-2001 Columbus Crew M-5 G-0 A-0 Mirosław Rzepa
0%
Nie znaleziono quizów pasujących do podanych kryteriów
Rozkład punktacji
Procent ludzi z każdym wynikiem
Percentyl według liczby udzielonych odpowiedzi
Twoja historia wyników
Nie rozwiązałeś tego quizu